000
00333 a2200157 4500
001
169302
020
_a
040
_c
Magnum
100
_a
Negroponte, Nicholas
240
1
0
_a
A vida digital
_l
por
245
1
0
_a
A vida digital
362
0
_a
1899
440
1
_a
Companhia das Letras
697
_a
ORGANIZACAO SOCIAL
942
_c
BK
999
_c
169302
_d
169302